Repensando la responsabilidad precontractual en el Civil Law y el Common Law (Registro nro. 325846)

Detalles MARC
000 -ENCABEZADO
Número de control [NR] 01210nam a22002657a 4500
005 - FECHA Y HORA DE LA ÚLTIMA TRANSACCIÓN
control field 20251112091041.0
008 - DE LONGITUD FIJA DE DATOS DE ELEMENTOS - INFORMACIÓN GENERAL
Elementos de longitud fija [NR] 251112b ||||| |||| 00| 0 spa d
020 ## - NUMERO INTERNACIONAL NORMALIZADO PARA LIBROS [R]
Número Internacional Normalizado del libro [NR] 9798218984250 (volumen 1)
020 ## - NUMERO INTERNACIONAL NORMALIZADO PARA LIBROS [R]
Número Internacional Normalizado del libro [NR] 9798218984267 (volumen 2)
020 ## - NUMERO INTERNACIONAL NORMALIZADO PARA LIBROS [R]
Número Internacional Normalizado del libro [NR] 9798218984274 (volumen 3)
040 ## - FUENTE DE CATALOGACION [NR]
Agencia de catalogación original [NR] CO-BoUCM
Quien Cataloga David Moreno
Quien Clasifica David Moreno
041 ## - CODIGO DE IDIOMA [R]
Código de idioma para texto/pista de sonido o título separado [R] Español
100 1# - ASIENTO PRINCIPAL--NOMBRE PERSONAL [NR]
Nombre personal [NR] Lizárraga Ugarte, William R.
ID Autoridad 187267
245 10 - MENCION DE TITULO [NR]
Título [NR] Repensando la responsabilidad precontractual en el Civil Law y el Common Law
Parte restante del título [NR] culpa in contrahendo, promissory estoppel y la misrepresentation pilares como jurídicos
Mención de responsabilidad, etc. [NR] William R. Lizárraga Ugarte
250 ## - MENCION DE EDICION [NR]
Mención de edición [NR] 1a.Ed
260 ## - PUBLICACION, DISTRIBUCION, ETC. (PIE DE IMPRENTA) [R]
Lugar de publicación, distribución, etc. [R] Nueva York, NY
Nombre del editor, distribuidor, etc. [R] Fondo Editorial Lizárraga Law Firm
Fecha de publicación, distribución, etc. [R] 2024
300 ## - DESCRIPCION FISICA [R]
Extensión [R] 3 volúmenes (1695 páginas)
Otros detalles físicos [NR] tablas
650 14 - ASIENTO SECUNDARIO DE MATERIA - TERMINO TEMATICO [R]
Término temático o nombre geográfico como elemento de entrada [NR] Derecho comparado
Subdivisión general [R] Responsabilidad precontractual
9 (RLIN) 187268
650 14 - ASIENTO SECUNDARIO DE MATERIA - TERMINO TEMATICO [R]
Término temático o nombre geográfico como elemento de entrada [NR] Contratos (Derecho común)
Subdivisión general [R] Obligaciones precontractuales
9 (RLIN) 187269
650 14 - ASIENTO SECUNDARIO DE MATERIA - TERMINO TEMATICO [R]
Término temático o nombre geográfico como elemento de entrada [NR] Incumplimiento
Subdivisión general [R] Responsabilidad civil
9 (RLIN) 187270
650 14 - ASIENTO SECUNDARIO DE MATERIA - TERMINO TEMATICO [R]
Término temático o nombre geográfico como elemento de entrada [NR] Culpa en contrahendo
Subdivisión geográfica [R] Países de la Unión Europea
9 (RLIN) 187271
650 14 - ASIENTO SECUNDARIO DE MATERIA - TERMINO TEMATICO [R]
Término temático o nombre geográfico como elemento de entrada [NR] Culpa en contrahendo
Subdivisión geográfica [R] América Latina
9 (RLIN) 187272
942 ## - ELEMENTOS DE ENTRADA AGREGADOS (KOHA)
Sistema de clasificación DEWEY
Tema principal Derecho
Tipo de ítem principal el descrito en 300a Libro
Edición 1
Clasificación 346.02
Parte restante de la signatura top. L789r
Título oculto en OPAC No
Existencias
Signatura topográfica Código de barras Última vez visto Volúmen / Fascículo Ejemplar Costo de reposición Price effective from Tipo de ítem Perdido Sistema de clasificación Dañado No prestable Tipo de ítem específico Suprimido Ubicación habitual Ubicación actual Localización Fecha de creación Forma de adquisición
346.02 L789r 100174551 05/12/2025 Vol. 1 Ej.1 26000.00 12/11/2025 Libro   DEWEY     Libro   Claustro Claustro 3er piso 12/11/2025 Donación
346.02 L789r 100174552 05/12/2025 Vol. 2 Ej.1 26000.00 12/11/2025 Libro   DEWEY     Libro   Claustro Claustro 3er piso 12/11/2025 Donación
346.02 L789r 100174553 05/12/2025 Vol. 3 Ej.1 26000.00 12/11/2025 Libro   DEWEY     Libro   Claustro Claustro 3er piso 12/11/2025 Donación